000
00293nam a2200145Ia 4500
100
_a
Dilascia/ Paul
942
_c
BK
654
_a
Windows ++
245
_a
Windows ++
260
_b
Addison Wesly
_a
Reading
_c
1992
082
_a
5.43
_b
DIL
300
_a
571
546
_a
ENGLISH
999
_c
22860
_d
22860